000 00316nam a22001457a 4500
003 SGT
082 _a611
_bT14B
100 _aBHUIYAN, PRITHA
245 _aTEXT BOOK OF HUMAN NEUROANATOMY
250 _a9TH
260 _aDELHI
_bJAYPEE BROTHERS
_c2014
300 _a285
650 _aNEUROANATOMY
942 _2ddc
_cBK
_05
999 _c8501
_d8501